Music Quiz

Random Music or Show Quiz
Score 0/20 Timer 05:00
0 Plays Today
Artist % Correct
The Beatles
98.9%
Elvis Presley
95.5%
Michael Jackson
94.8%
The Rolling Stones
89.9%
Diana Ross & The Supremes
85%
Stevie Wonder
83.9%
Buddy Holly & The Crickets
81.6%
James Brown
76.9%
Louis Armstrong
76.4%
The Mamas & The Papas
74.8%
Artist % Correct
Roy Orbison
74%
The Doors
69.2%
Ike & Tina Turner
67.4%
The Temptations
66.2%
The Muppets
65.3%
The Beach Boys
63%
Jerry Lee Lewis
54.2%
Nat King Cole
44.3%
Bill Haley & The Comets
34.5%
Bobby Darin & Connie Francis
13.6%
Come Together.
Have Fun.
All Virtual.
We all need to come together. Play Sporcle's virtual live trivia to have fun, connect with people, and get your trivia on. Join a live hosted trivia game for your favorite pub trivia experience done virtually. If a virtual private party is more your thing, go here for details.

You're not logged in!

Compare scores with friends on all Sporcle quizzes.
OR
Log In

Sporcle TV

Today on Sporcle TV


Watch our educational content, quiz creation guides, and fun videos on Sporcle TV.

Show Comments

Extras

Top Quizzes Today


Score Distribution

Paid Content

Your Account Isn't Verified!

In order to create a playlist on Sporcle, you need to verify the email address you used during registration. Go to your Sporcle Settings to finish the process.

Report this User

Report this user for behavior that violates our Community Guidelines.

Details: